00282nam a2200121Ia 4500008004100000100002900041245001600070260003200086300000800118650001000126942000700136999001700143190216s9999||||xx |||||||||||||| ||und|| aUnnikrishnan Ayuvanthala 0aPizhaavukal bPoorna Pubs Kozhikodec1989 a152 aNovel cBK c28227d28227